000 00717cam a2200229u 4500
999 _c10140
_d10140
001 10140
003 BD - JhCC
005 20180418175014.0
008 180417s1958 nyu 00100 eng
035 _a(CStRLIN)PAUG84-B2669
_a(BD - JhCC)10140
040 _cTxShA
_d*m.c.*
_dNNU
_dCStRLIN
_dPU
_dUkOxU
_aBD-JhCC
041 _aeng
050 0 _aDS777.55
_b.W35
082 0 _a951.05
_bWAL 1958
100 1 _aWalker, Richard L.
_q(Richard Louis),
_d1922-2003.
245 1 4 _aThe continuing struggle :
_bCommunist China and the free world /
_cRichard Louis Walker.
260 0 _aNew York :
_bAthene Press,
_cc1958.
300 _axii, 14355 p.
_c20 cm.
650 0 _aCommunism
_zChina.
942 _2ddc
_cBK